Hunger Games - districts - Statistiques

Statistiques générales
  • Ce quiz a été pris 50 fois
  • Le résultat moyen est 6 sur 14
Statistiques - réponses
Hint Réponse % Correct
District de carrière, chouchouté par le Capitole. Ses membres sont très élégants mais portent des prénoms bizarres. District 1
76%
District officiellement rasé par le Capitole après avoir lancé la première rébellion. Vit sous la terre, avec une discipline de fer. La majorité de sa population est stérile suite à une épidémie de variole. District 13
74%
District de carrière, bras droit du Capitole, ses tributs sont très bien formés au combat. Sa réelle spécialité est gardée secrète. District 2
59%
District peu mentionné, connu principalement grâce à Johanna Mason. District 7
56%
District de carrière, mais s'est allié aux rebelles lors des jeux de la troisième Expiation. District 4
47%
District peu mentionné, ses vainqueurs sont drogués. District 6
47%
Katniss, souviens-toi de qui est le réel ennemi ! Capitole
44%
District le plus petit et le plus pauvre. Entièrement rasé par le Capitole, il est reconstruit et reconverti dans la production de médicaments. District 12
44%
L'un des districts les plus rebelles, sa spécialité est de hacker le Capitole. District 3
41%
L'un des districts les plus rebelles. Très pauvre, très sévèrement contrôlé. Pourtant, lors des premiers Jeux, il semblait bien parti pour devenir un district de Carrière. District 11
38%
District très pauvre, très rebelle, le Capitole fait exploser une de ses usines et bombarde l'hôpital. La future présidente de Panem vient de ce district. District 8
35%
District peu mentionné, l'une de ses tributs a tué sa mentore lors des 10e Hunger Games. District 10
24%
District le plus riche hors carrière, peu mentionné. Ses tributs ont tendance à parasiter les Carrières. District 5
24%
Tous ses tributs sont morts dans le bain de sang dans les 50e, 74e et 75e Hunger Games, et avant le début des Jeux dans les 10e. District 9
21%
Aucun quiz correspondant
Distribution des résultats
% des personnes avec chaque résultat
Percentile par nombre de réponses
Votre historique - résultats
Vous n’avez pas pris ce quiz